The big finish / (Record no. 351283)
[ view plain ]
| 000 -LEADER | |
|---|---|
| fixed length control field | 02082cam a2200421Ii 4500 |
| 001 - CONTROL NUMBER | |
| control field | 1155201455 |
| 003 - CONTROL NUMBER IDENTIFIER | |
| control field | OCoLC |
| 005 - DATE AND TIME OF LATEST TRANSACTION | |
| control field | 20200625161620.0 |
| 008 - FIXED-LENGTH DATA ELEMENTS--GENERAL INFORMATION | |
| fixed length control field | 200522t20202020meua d 000 1 eng d |
| 020 ## - INTERNATIONAL STANDARD BOOK NUMBER | |
| International Standard Book Number | 9781432878672 |
| Qualifying information | hardcover ; |
| -- | large print |
| 020 ## - INTERNATIONAL STANDARD BOOK NUMBER | |
| International Standard Book Number | 1432878670 |
| Qualifying information | hardcover ; |
| -- | large print |
| 035 ## - SYSTEM CONTROL NUMBER | |
| System control number | (OCoLC)1155201455 |
| 040 ## - CATALOGING SOURCE | |
| Original cataloging agency | TDS |
| Language of cataloging | eng |
| Description conventions | rda |
| Transcribing agency | TDS |
| Modifying agency | IMT |
| -- | SO$ |
| 050 #4 - LIBRARY OF CONGRESS CALL NUMBER | |
| Classification number | PS3606.O7494 |
| Item number | B54 2020b |
| 082 04 - DEWEY DECIMAL CLASSIFICATION NUMBER | |
| Classification number | 813/.6 |
| Edition number | 23 |
| 092 ## - LOCALLY ASSIGNED DEWEY CALL NUMBER (OCLC) | |
| Classification number | FOSSEY |
| 100 1# - MAIN ENTRY--PERSONAL NAME | |
| Personal name | Fossey, Brooke, |
| Relator term | author. |
| 9 (RLIN) | 6363764 |
| 245 14 - TITLE STATEMENT | |
| Title | The big finish / |
| Statement of responsibility, etc | Brooke Fossey. |
| 250 ## - EDITION STATEMENT | |
| Edition statement | Large print edition. |
| 250 ## - EDITION STATEMENT | |
| Edition statement | Unabridged. |
| 264 #1 - Production, Publication, Distribution, Manufacture, and Copyright Notice. | |
| Place of production, publication, distribution, manufacture | Waterville, ME : |
| Name of producer, publisher, distributor, manufacturer | Thorndike Press, a part of Gale, a Cengage Company, |
| Date of production, publication, distribution, manufacture, or copyr | 2020. |
| 264 #4 - Production, Publication, Distribution, Manufacture, and Copyright Notice. | |
| Date of production, publication, distribution, manufacture, or copyr | ©2020. |
| 300 ## - PHYSICAL DESCRIPTION | |
| Extent | 483 pages (large print) : |
| Other physical details | illustration ; |
| Dimensions | 24 cm. |
| 336 ## - Content Type | |
| Content type term | text |
| 337 ## - Media type | |
| Media type term | unmediated |
| 338 ## - Carrier type | |
| Carrier type term | volume |
| 490 0# - SERIES STATEMENT | |
| Series statement | Thorndike Press large print basic. |
| 520 ## - SUMMARY, ETC. | |
| Summary, etc | "For Duffy Sinclair life boils down to one simple thing: maintaining his residence at the idyllic Centennial Assisted Living. Without it, he's destined for the roach-infested nursing home down the road--and after wasting the first eighty-eight years of his life, he refuses to waste away for the rest. So, he keeps his shenanigans to the bare minimum with the help of his best friend and roommate, Carl Upton. Then Carl's granddaughter Josie climbs through their bedroom window with booze on her breath and a black eye. Thanks to an unlikely friendship that becomes fast family, his life doesn't boil down they same anymore. Not when he finally has a chance to leave a legacy."--Back cover. |
| 650 #0 - SUBJECT ADDED ENTRY--TOPICAL TERM | |
| Topical term or geographic name as entry element | Older men |
| Form subdivision | Fiction. |
| 9 (RLIN) | 5675774 |
| 650 #0 - SUBJECT ADDED ENTRY--TOPICAL TERM | |
| Topical term or geographic name as entry element | Young women |
| Form subdivision | Fiction. |
| 9 (RLIN) | 5674220 |
| 650 #0 - SUBJECT ADDED ENTRY--TOPICAL TERM | |
| Topical term or geographic name as entry element | Friendship |
| Form subdivision | Fiction. |
| 9 (RLIN) | 5673769 |
| 650 #0 - SUBJECT ADDED ENTRY--TOPICAL TERM | |
| Topical term or geographic name as entry element | Interpersonal relations |
| Form subdivision | Fiction. |
| 9 (RLIN) | 5673978 |
| 650 #0 - SUBJECT ADDED ENTRY--TOPICAL TERM | |
| Topical term or geographic name as entry element | Congregate housing |
| Form subdivision | Fiction. |
| 9 (RLIN) | 6363765 |
| 655 #7 - INDEX TERM--GENRE/FORM | |
| Genre/form data or focus term | Domestic fiction. |
| Source of term | lcgft. |
| 9 (RLIN) | 6363766 |
| 655 #0 - INDEX TERM--GENRE/FORM | |
| Genre/form data or focus term | Large type books. |
| 9 (RLIN) | 6363767 |
| 907 ## - LOCAL DATA ELEMENT G, LDG (RLIN) | |
| a | .b430332798 |
| 942 ## - ADDED ENTRY ELEMENTS (KOHA) | |
| Source of classification or shelving scheme | Dewey Decimal Classification |
| Koha item type | BOOK |
| Withdrawn status | Lost status | Source of classification or shelving scheme | Damaged status | Not for loan | Collection code | Home library | Current library | Shelving location | Date acquired | Source of acquisition | Total Checkouts | Total Renewals | Full call number | Barcode | Date last seen | Date checked out | Cost, replacement price | Price effective from | Koha item type |
|---|---|---|---|---|---|---|---|---|---|---|---|---|---|---|---|---|---|---|---|
| Dewey Decimal Classification | Large Print | Wasatch County Library | Wasatch County Library | First Floor | 06/25/2020 | Baker & Taylor | 1 | 1 | F Fossey | 34301001691114 | 02/28/2024 | 10/05/2022 | 35.99 | 06/25/2020 | BOOK |
